MARC details
| 000 -LEADER |
| campo de control de longitud fija |
01731nkm a22003137a 4500 |
| 001 - NÚMERO DE CONTROL |
| campo de control |
85786 |
| 005 - FECHA Y HORA DE LA ÚLTIMA TRANSACCIÓN |
| campo de control |
20260225103353.0 |
| 007 - CAMPO FIJO DE DESCRIPCIÓN FÍSICA--INFORMACIÓN GENERAL |
| campo de control de longitud fija |
kj ao |
| 008 - DATOS DE LONGITUD FIJA--INFORMACIÓN GENERAL |
| campo de control de longitud fija |
260225s16771713sp ||||| |||| 00| 0 lat d |
| 040 ## - FUENTE DE CATALOGACIÓN |
| Centro catalogador/agencia de origen |
M-RABA |
| Lengua de catalogación |
spa |
| Centro/agencia transcriptor |
M-RABA |
| 245 01 - MENCIÓN DEL TÍTULO |
| Título |
[Retratos de reyes de España, Francia y…] |
| Mención de responsabilidad, etc. |
/ [conjunto de estampas grabadas por] Jacques Blondeau, Nicolas Dorigny, Pietro van Sickleers, Benoît Farjat |
| 260 ## - PUBLICACIÓN, DISTRIBUCIÓN, ETC. |
| Lugar de publicación, distribución, etc. |
[s.l.] |
| Nombre del editor, distribuidor, etc. |
: [s.n.] |
| Fecha de publicación, distribución, etc. |
, 1677-1713 |
| 300 ## - DESCRIPCIÓN FÍSICA |
| Extensión |
124 fol. (231 grabados) |
| Otras características físicas |
: il. |
| Dimensiones |
; 55 cm |
| 500 00 - NOTA GENERAL |
| Nota general |
Tit. Tomado del lomo. |
| 500 00 - NOTA GENERAL |
| Nota general |
Forma parte de la colección de libros de grabados procedentes del Monasterio de Valparaíso (Peleas de Arriba, Zamora) reunidos por Juan Guerrero en Roma. |
| 505 ## - NOTA DE CONTENIDO CON FORMATO |
| Nota de contenido con formato |
Contiene: Regum Hispanorum imagines / Jacques Blondeau; Francorum Regnum simulacra / Pietro van Sickleers; Series Chronologica Ducum et Regum<br/>Polonarum / Benoît Farjat. |
| 563 ## - INFORMACIÓN DE ENCUADERNACIÓN |
| Nota de encuadernación |
Enc. en pergamino a la romana, tejuelo de papel con título manuscrito, cortes pintados de azul y restos de correíllas de piel de alumbre. |
| 655 #7 - TERMINO DE INDIZACIÓN--GENERO/FORMA |
| Datos o término principal de género/forma |
Grabados |
| Subdivisión general |
retratos |
| 700 1# - ENTRADA AGREGADA--NOMBRE PERSONAL |
| Nombre de persona |
Blondeau, Jacques ( |
| Fechas asociadas al nombre |
1655-1698) |
| 9 (RLIN) |
43269 |
| Término indicativo de función/relación |
grabador |
| 700 1# - ENTRADA AGREGADA--NOMBRE PERSONAL |
| Nombre de persona |
Sickeleers, Pieter van |
| 9 (RLIN) |
24599 |
| Término indicativo de función/relación |
grabador |
| 700 1# - ENTRADA AGREGADA--NOMBRE PERSONAL |
| Nombre de persona |
Farjat, Benoit |
| 9 (RLIN) |
22646 |
| Término indicativo de función/relación |
grabador |
| 700 1# - ENTRADA AGREGADA--NOMBRE PERSONAL |
| Nombre de persona |
Dorigny, Nicolas ( |
| Fechas asociadas al nombre |
1657-1746) |
| 9 (RLIN) |
42809 |
| Término indicativo de función/relación |
grabador |
| 774 ## - ENLACE A UNIDAD CONSTITUYENTE |
| Encabezamiento principal |
[Series chronologica et imagines regu hispaniae ab Ataulpho ad Carolum II...] / Jacobus Blondeau Antuerpiensis Incis ; Cirus Ferrius Romanus Delin. |
| 774 ## - ENLACE A UNIDAD CONSTITUYENTE |
| Encabezamiento principal |
Ducum; Regumque Polonoru seriem a LACHO ad AUGUSTUM hodie feliciter regnante... |
| 774 ## - ENLACE A UNIDAD CONSTITUYENTE |
| Encabezamiento principal |
[TABULA chronologica Ottomanoru Principu Serie,...] |
| 774 ## - ENLACE A UNIDAD CONSTITUYENTE |
| Encabezamiento principal |
Francorum Regum Imagines |
| 852 ## - LOCALIZACIÓN |
| Ubicación |
M-RABA |
| Número de control de estantería |
C-44 |
| 942 ## - ELEMENTOS DE ENTRADA SECUNDARIOS (KOHA) |
| Tipo de ítem Koha |
Grabado |
| Suprimir en OPAC |
No |